000 00240nam a2200097Ia 4500
001 641766
005 20250826153513.0
008 250824s9999 xx 000 0 und d
245 0 _aEBEVEYNLER NASIL EĞİTİLİR?
_cJENNY SMITH
260 _bTUDEM
999 _c641766
_d641766